[Event "Collado Villalba op 38th"]
[Site "Collado Villalba"]
[Date "2021.08.22"]
[Round "2"]
[White "Xia, Zhe"]
[Black "Paniagua Quinones, Carlos"]
[Result "0-1"]
[WhiteElo "1253"]
[BlackElo "1614"]
[PlyCount "66"]
[EventDate "2021.08.21"]
[EventType "swiss"]
[EventRounds "9"]
[EventCountry "ESP"]
[SourceTitle "CBM 204 Extra"]
[Source "ChessBase"]
[SourceDate "2021.11.30"]
[SourceVersion "1"]
[SourceVersionDate "2021.11.30"]
[SourceQuality "1"]

1. d4 d5 2. Bf4 c5 3. e3 Nc6 4. Nf3 Bg4 5. h3 Bh5 6. g4 Bg6 7. Bb5 a6 8. Bxc6+ bxc6 9. dxc5 Qa5+ 10. Nc3 Qxc5 11. Qd4 e6 12. 0-0-0 Qxd4 13. Nxd4 c5 14. Nc6 Nf6 15. Na4 Nd7 16. f3 f6 17. h4 h5 18. Rhe1 hxg4 19. fxg4 Rxh4 20. g5 e5 21. Rxd5 Be4 22. Rxd7 Kxd7 23. Nb6+ Kxc6 24. Nxa8 exf4 25. exf4 Rh1 26. Rxh1 Bxh1 27. Kd2 Kb7 28. Ke3 Kxa8 29. gxf6 gxf6 30. f5 Kb7 31. Kf4 Bd6+ 32. Kg4 Be5 33. c3 Bc6 0-1

[Event "Tres Cantos op 9th"]
[Site "Tres Cantos"]
[Date "2017.06.24"]
[Round "3"]
[White "Marin Aso, Jose Luis"]
[Black "Paniagua Quinones, Carlos"]
[Result "1-0"]
[WhiteElo "1910"]
[BlackElo "1603"]
[PlyCount "97"]
[EventDate "2017.06.22"]
[EventType "swiss"]
[EventRounds "9"]
[EventCountry "ESP"]
[SourceTitle "EXT 2019"]
[Source "ChessBase"]
[SourceDate "2018.10.10"]
[SourceVersion "1"]
[SourceVersionDate "2018.10.10"]
[SourceQuality "1"]

1. e4 c5 2. Nf3 d6 3. d4 cxd4 4. Nxd4 Nf6 5. Nc3 e6 6. Be3 Be7 7. Bd3 0-0 8. 0-0 Bd7 9. f4 Nc6 10. Qf3 Nxd4 11. Bxd4 Bc6 12. Qh3 g6 13. Rad1 d5 14. exd5 Nxd5 15. Bxg6 fxg6 16. Qxe6+ Rf7 17. Bf2 Qd6 18. Qxd6 Bxd6 19. Nxd5 Bxd5 20. Rxd5 Bxf4 21. g3 Bh6 22. Rfd1 b6 23. Rd8+ Rxd8 24. Rxd8+ Rf8 25. Rxf8+ Kxf8 26. c4 Kf7 27. Kg2 Bg7 28. b3 Ke6 29. g4 h5 30. h3 hxg4 31. hxg4 Bf6 32. Kf3 Ke5 33. Be3 Be7 34. Bf2 Bf6 35. a4 Be7 36. a5 Bc5 37. axb6 axb6 38. Be3 Bd4 39. Bf4+ Ke6 40. Ke4 Bc3 41. Bc7 Ba5 42. c5 Kd7 43. Bxb6 Bb4 44. Kd5 Be1 45. c6+ Kc8 46. Bc5 Bg3 47. b4 Be1 48. b5 Kc7 49. b6+ 1-0